00659nam a2200229 a 4500001001000000003000500010005001700015008004100032010001100073011001100084020001500095040000900110082002400119100002700143245008900170250001000259260003000269300002300299650002600322650005100348700003000399000110579CHAP20220329144139.0140912s1960 enka |r| ||1|||eng d a107041 a108013 a0582442281 cCHAP04a547.0028bM28y 19601 aMann, Frederick George10aPractical organic chemistry /cpor Frederick George Mann y Bernard Charles Saunders. a4 ed. aLondon :bLongman,c1960. axix, 587 p. :bil.14aQuímica orgánica.14aQuímica orgánicaxManuales de laboratorio.1 aSaunders, Bernard Charles